Baix-concert: per a saxòfon baix

Saved in:
Bibliographic Details
Main Author: Brncic, Gabriel (Author)
Format: Book
Language:Italian
Published: Barcelona La má de Guido 2006
Barcelona Sabadell 2006
Subjects:
Tags: Add Tag
No Tags, Be the first to tag this record!

MARC

LEADER 00000nam a2200000 a 4500
001 UCG1625
003 CL-VaPUC
005 20241028153217.0
008 100513e20060000SP |||||||||||||||||ita|d
999 |c 340943  |d 340941 
040 |c Pontificia Universidad Católica de Valparaíso 
082 0 4 |a Sa788.85 BRN 2006  |2 21 
100 0 |a Brncic, Gabriel  |e author  |9 549606 
245 1 0 |a Baix-concert: per a saxòfon baix 
260 |a Barcelona  |b La má de Guido  |c 2006 
260 |a Barcelona  |b Sabadell  |c 2006 
300 |a 10 p 
583 |a last modification  |c 20130326 09:28:12  |k Rodrigo Vera 
650 0 |a Saxofón  |9 331778 
650 0 |a Música para saxofón  |9 373765 
650 0 |a Partituras  |9 324008 
942 |c BK  |2 ddc 
945 |d 20100513 00:00:00  |a rbrito 
952 |0 0  |1 0  |2 ddc  |4 0  |6 SA_788_850000000000000_BRN_2006  |7 0  |8 X  |9 436111  |a BIBEDU  |b BIBEDU  |d 2019-11-22  |i 4674146  |o Sa788.85 BRN 2006  |p 4674146  |r 2023-11-22  |w 2019-11-22  |y BK_X  |k MUS